Mientras dura el hechizo /
Guardado en:
| Autor Principal: | |
|---|---|
| Otros Autores: | |
| Formato: | Libro |
| Idioma: | Undetermined |
| Publicado: |
Buenos Aires :
Norma,
2007.
|
| Series: | Colección Torre de Papel
|
| Materias: | |
| Etiquetas: |
Agregar Etiqueta
Sin Etiquetas, Sea el primero en etiquetar este registro!
|
| LEADER | 00600nam a22001935a 4500 | ||
|---|---|---|---|
| 001 | CEM.cems019821 | ||
| 008 | 221026s2007####ag############000#0#und#d | ||
| 005 | 20221027090100.0 | ||
| 245 | 1 | 0 | |a Mientras dura el hechizo / |c Cecilia Pisos, ilustrador Gerardo Baró. |
| 260 | |a Buenos Aires : |b Norma, |c 2007. | ||
| 300 | |a 32 p. ; |c 11 cm. | ||
| 490 | 1 | |a Colección Torre de Papel | |
| 020 | |a 9875454133 | ||
| 100 | 1 | |a Pisos, Cecilia. | |
| 700 | 1 | |a Baró, Gerardo; il. | |
| 082 | 0 | 4 | |a A868.4 |
| 653 | |a Literatura Infantil | ||
| 653 | |a Cuento | ||
| 859 | |a CEMS |b BIB. CEMS - Inicial y Primaria |h A868.3 |i P676 |k IP |p 5037 |t Ej.1 | ||
